banner koha

Efeito hipolipemiante da suplementação dietética com a farinha do cubiu (Solanum sessiliflorum Dunal) em ratos hipercolesterolêmicos (Registro n. 299785)

MARC details
000 -LÍDER
fixed length control field 04178nab a2200313 i 4500
003 - CÓDIGO MARC DA AGÊNCIA CATALOGADORA
Campo de controle BR-BrBNA
005 - DATA E HORA DA ÚLTIMA ATUALIZAÇÃO
Campo de controle 20240527122957.0
008 - CAMPO DE TAMANHO FIXO
fixed length control field 240527b2015 bl.qr|pooa||| 00| 0 por |
040 ## - FONTE DA CATALOGAÇÃO
Agência catalogadora BR-BrBNA
Idioma da catalogação por
072 ## - CATEGORIA AGRIS
Código AGRIS F60
Código do objeto 1190
072 ## - CATEGORIA AGRIS
Código AGRIS Q04
100 ## - ENTRADA PRINCIPAL - NOME PESSOAL
Nome pessoal Maia, J.R.P.
100 ## - ENTRADA PRINCIPAL - NOME PESSOAL
Nome pessoal Schwertz, M.C.
100 ## - ENTRADA PRINCIPAL - NOME PESSOAL
Nome pessoal Sousa, R.F.S.
100 ## - ENTRADA PRINCIPAL - NOME PESSOAL
Nome pessoal Aguiar, J.P.L.
100 ## - ENTRADA PRINCIPAL - NOME PESSOAL
Nome pessoal Lima, E.S.
245 ## - TÍTULO PRINCIPAL
Título principal Efeito hipolipemiante da suplementação dietética com a farinha do cubiu (Solanum sessiliflorum Dunal) em ratos hipercolesterolêmicos
500 ## - NOTA GERAL
Nota geral Publicação on-line; 34 ref.; 4 tables; Summaries (En, Pt)
942 ## - ADDED ENTRY ELEMENTS (KOHA)
Koha item type
520 ## - NOTA DE RESUMO
Nota de conteúdo <br/><br/>RESUMO: <br/><br/>Estudos com frutas e vegetais ricos em fibra alimentar tem demonstrado efeito<br/>redutor das concentrações sanguíneas de colesterol total, atuando de forma preventiva contra<br/>a hipercolesterolemia. O objetivo do presente trabalho foi analisar a composição química da<br/>farinha de cubiu e avaliar o efeito de seu consumo sobre a lipemia de ratos hipercolesterolêmicos.<br/>Foram utilizados 8 animais para cada tratamento, em 7 grupos sendo: 1 controle; 3 experimentais<br/>com 5%, 25% e 50% da recomendação de fibras (AIN-93) provenientes da farinha de cubiu;<br/>e 3 grupos per feeding tendo celulose e pectina como fonte de fibra alimentar nas mesmas<br/>proporções dos grupos experimentais. Ao final do ensaio foi verificado que não houve variação<br/>significativa no consumo de ração pelos animais e no ganho de massa corporal no decorrer<br/>do experimento. Os tratamentos com farinha de cubiu reduziram as concentrações de<br/>colesterol total (-21,6%), LDL-c (-56,8%), aumentaram a excreção de colesterol fecal (+116%),<br/>e diminuíram o colesterol hepático (-32,1%). Nenhum dos tratamentos promoveu alteração<br/>significativa nas concentrações de triglicerídeos. Os tratamentos com pectina e celulose<br/>demonstraram resultados semelhantes aos do cubiu. Os resultados observados servem como<br/>base para futuros estudos visando o aproveitamento biotecnológico deste fruto.<br/><br/>Palavras-chave: Solanum sessiliflorum Dunal, cubiu, fibra alimentar, hipercolesterolemia
520 ## - NOTA DE RESUMO
Nota de conteúdo <br/><br/>ABSTRACT: <br/><br/>Hypolipidemic effect of diet supplementation with cocona (Solanum<br/>sessiliflorum Dunal) flour in hypercholesterolemic rats. Studies with fruit and vegetables<br/>rich in dietary fiber have shown lowering effects on the blood concentrations of total cholesterol<br/>(TC), acting preventively against hypercholesterolemia. The aim of this study was to analyze the<br/>chemical composition of cocona and evaluate the effect of the consumption of cocona flour on<br/>lipemia of Wistar rats with hypercholesterolemia. Eight animals were used for each treatment,<br/>in 7 groups: control; 3 experimental groups with 5%, 25% and 50% of the recommended<br/>fiber (AIN-93) from cocona flour; 3 groups per feeding with pectin and cellulose as source of<br/>dietary fiber, in the same proportions of the experimental groups. At the end of the assay, we<br/>verified that there were not significant variations in the consumption of the animals and the<br/>body weight during the experiment. Treatments with cocna flour were responsible for reducing<br/>the concentrations of total cholesterol (-21.6%), LDL-c (-56.8%), increasing the excretion of<br/>fecal cholesterol (+116%) and lowering the liver cholesterol (-32.1%). None of the treatments<br/>significantly altered the triglyceride concentrations. Treatments using pectin and cellulose show<br/>results similar to cocona. The observed results can be used in further studies aimed at the<br/>biotechnological exploitation of this fruit.<br/><br/>Key words: Solanum sessiliflorum Dunal, cocona, dietary fiber, hypercholesterolemia.
650 ## - ASSUNTO - THESAGRO
Cabeçalho tópico ou nome geográfico SOLANUM SESSILIFLORUM
650 ## - ASSUNTO - THESAGRO
Cabeçalho tópico ou nome geográfico CUBIÚ
650 ## - ASSUNTO - THESAGRO
Cabeçalho tópico ou nome geográfico FIBRA
650 ## - ASSUNTO - THESAGRO
Cabeçalho tópico ou nome geográfico COLESTEROL
773 0# - ENTRADA ANALÍTICA
Host Biblionumber 3543
Registro do item 315481
Imprenta Botucatu-SP Instituto de Biociências - Departamento de Química e Bioquímica 1998
Outro identificador 2024-1782
Título Revista Brasileira de Plantas Medicinais (Brazil)
ISSN 1516-0572
Colação v. 17(1) p. 112-119; (2015)
Número de controle de registro BR2024000817
856 ## - ACESSO E ENDEREÇO ELETRÔNICO
Identificador uniforme de recurso - URI https://www.scielo.br/j/rbpm/a/K756J4WtM5NT847yHtKjvJg/?format=pdf&lang=pt

Nenhum exemplar disponível.

BINAGRI

Telefone: (61)3218-2567/2388/3357/2097 - binagri@agro.gov.br

Ministério da Agricultura e Pecuária , Esplanada dos Ministérios, Bloco D, Anexo B, Brasília/DF, CEP: 70.043-900